[Event "Washington Open Championship"]
[Site "Seattle, WA"]
[Date "2013.05.26"]
[Round "2"]
[White "Harlin Jerid  (WA)"]
[Black "Quan Michael  (WA)"]
[Result "0-1"]
[WhiteElo "648"]
[BlackElo "1693"]
[Annotator ""]
[Source ""]
[Remark "Open"]

1.e4 e6 2.Nf3 d5 3.e5 c5 4.d4 Nc6 5.Bb5 Qb6 6.Qd3 Bd7 7.Ng5 c4
8.Qd1 Qxb5 9.Nxf7 Kxf7 10.Nc3 Qb6 11.Qf3+ Ke8 12.Na4 Qxd4 13.Be3
Qxe5 14.O-O Bd6 15.g3 Qf5 16.Bf4 Bxf4 17.gxf4 Nf6 18.Nc5 Rb8
19.b3 Nd4 20.Qc3 Ne2+ 21.Kh1 Nxc3 22.Nxd7 Kxd7 23.bxc4 dxc4 24.Rad1+
Nxd1 25.Rxd1+ Kc6 26.Rd4 Rhd8 27.Rxc4+ Kb5 28.a4+ Kxc4 0-1

[Event "Washington Open Championship"]
[Site "Seattle, WA"]
[Date "2013.05.25"]
[Round "2"]
[White "Egbert Michael  (WA)"]
[Black "Allen Robert  (WA)"]
[Result "0-1"]
[WhiteElo "1883"]
[BlackElo "1700"]
[Annotator ""]
[Source ""]
[Remark "Open"]

1.e4 c5 2.Nf3 d6 3.d4 cxd4 4.Nxd4 Nf6 5.Nc3 g6 6.Bc4 Bg7 7.Be3
O-O 8.f3 Nc6 9.Qd2 Bd7 10.O-O-O Rc8 11.Bb3 Ne5 12.Kb1 Nc4 13.Bxc4
Rxc4 14.h4 h5 15.Nde2 b5 16.Bg5 b4 17.Nd5 Nxd5 18.Qxd5 Be6 19.Qb5
Qc7 20.Rd2 Rc8 21.Rc1 Rc5 22.Qd3 Qa5 23.b3 Rc3 24.Nxc3 bxc3 25.a4
Qb4 26.Ka2 Qxa4+ 0-1

[Event "Washington Open Championship"]
[Site "Seattle, WA"]
[Date "2013.05.26"]
[Round "4"]
[White "Pupols Viktors  (WA)"]
[Black "Kaufman Raymond  (CA)"]
[Result "0-1"]
[WhiteElo "2200"]
[BlackElo "2436"]
[Annotator ""]
[Source ""]
[Remark "Open"]

1.d4 Nf6 2.c4 g6 3.Nc3 Bg7 4.e4 d6 5.Nf3 O-O 6.Be2 Na6 7.O-O
e5 8.Re1 c6 9.dxe5 dxe5 10.Be3 Qe7 11.h3 Nc5 12.Qc2 Nh5 13.Rad1
Nf4 14.b4 Nce6 15.c5 Ng5 ( 15...Nxe2+ 16.Nxe2 Nc7 17.Nc3 a5 18.a3
axb4 19.axb4 f6 20.b5 Nxb5 21.Nxb5 cxb5 22.Qb3+ Be6 23.Qxb5 Rfd8
24.Rxd8+ Rxd8 25.Rb1 Rd7 26.Qa5 Bf8 27.Qa4 Rc7 28.Rb6 Kf7 29.Nd2
Rc6 30.Rxc6 Qd7 31.Ra6 bxa6 32.c6 Qd3 33.Qa5 Be7 34.Qc7 Qc3 35.g4
h6 36.Bxh6 Qxh3 37.g5 fxg5 38.Qxe5 Qxh6 39.Nf3 Qh3 40.Nd4 Bf6
41.Qc7+ Be7 42.Qe5 Bc4 43.c7 Qg4+ 44.Kh1 Qh3+ 45.Kg1 Qg4+ 46.Kh2
{0-1, Lobron Eric (GER) 2625 - Kasparov Garry (RUS) 2790, Baden-Baden (Germany) 1992}
) 16.Bxf4 exf4 17.Nxg5 Qxg5 18.Rd3 a5 19.a3 axb4 20.axb4 Be6
21.Rb1 Ra3 22.Qc1 Rfa8 23.Rf3 h5 24.Kf1 Qe5 25.Nd1 Ra1 26.Rxa1
Rxa1 27.Qd2 g5 28.Qd8+ Kh7 29.Rd3 Bc4 30.Rd2 Bxe2+ 31.Rxe2 Qc3
32.Re1 Qc4+ 33.Kg1 Qxb4 34.Rf1 Qxc5 35.Qd7 Qe5 36.Qxb7 Qxe4 37.Qxf7
Qg6 38.Qc4 Qd6 39.Qe2 Kh6 40.Qc2 Qd5 41.Re1 c5 42.Kh2 Ra2 43.Qb1
Rd2 44.Qb6+ Kh7 45.Qb1+ Qd3 46.Qb6 Rxd1 47.Rxd1 Qxd1 48.Qxc5
Kg6 49.Qc6+ Bf6 50.Qe8+ Kg7 51.f3 Kh6 52.Qf8+ Bg7 53.Qe7 Qd4
54.Qe6+ Qf6 55.Qe4 Qg6 56.Qc4 Qf5 57.Qc6+ Kh7 58.Qe8 Kh6 59.Qe2
Bd4 60.Qa6+ Qf6 61.Qe2 g4 62.Qf1 Qc6 0-1

[Event "Washington Open Championship"]
[Site "Seattle, WA"]
[Date "2013.05.25"]
[Round "2"]
[White "Yu Justin  (WA)"]
[Black "Kannan Aditya  (WA)"]
[Result "1-0"]
[WhiteElo "1684"]
[BlackElo "1481"]
[Annotator ""]
[Source ""]
[Remark "Reserve"]

1.e4 d5 2.exd5 Qxd5 3.Nc3 Qa5 4.Nf3 Nf6 5.d4 Bf5 6.Bd2 c6 7.Bc4
e6 8.h3 Nbd7 9.O-O Qc7 10.Re1 O-O-O 11.a3 Bd6 12.b4 h6 13.b5
c5 14.Bf1 ( 14.dxc5 Bxc5 15.Qe2 g5 16.Na4 g4 17.hxg4 Bxg4 18.Nxc5
Qxc5 19.Bb3 Rhg8 20.Be3 Qc7 21.Kf1 Bxf3 22.Qxf3 Ng4 23.Bf4 Nh2+
24.Bxh2 Qxh2 25.g3 Qh3+ 26.Qg2 Qf5 27.a4 Nc5 28.Re3 Rd2 29.Qf3
Qxf3 30.Rxf3 Rd7 31.Kg2 Kd8 32.Rh1 Rg6 33.Rf4 Ke7 34.Rh5 b6 35.Kf1
Rd1+ 36.Ke2 Rb1 37.Rf3 Rg4 38.Rxh6 Re4+ 39.Kd2 Ree1 40.Rf4 Kd6
41.Rxf7 Nxb3+ 42.cxb3 Kc5 43.Rc7+ Kb4 44.Rh4+ Ka3 45.Rc3 Rbd1+
46.Kc2 Rc1+ 47.Kd3 Rcd1+ 48.Kc4 Re5 49.b4+ Kxa4 50.Rd4 Rb1 51.Kd3
Kxb5 52.Ra3 a6 53.Kd2 Rb2+ 54.Kc3 Rxf2 55.Rd3 Re4 56.Ra1 Rc4+
57.Kb3 Rxb4+ 58.Kc3 Rfb2 59.Re1 R2b3+ 60.Kd2 Rxd3+ 61.Kxd3 Rb3+
62.Kd4 Rxg3 63.Re5+ Ka4 64.Rxe6 Rb3 65.Rc6 a5 66.Rc1 Kb4 67.Rc4+
Ka3 68.Kd5 b5 69.Rh4 Rc3 70.Rh5 b4 71.Kd4 a4 72.Rh1 Kb2 73.Rh2+
Rc2 74.Rh4 a3 75.Kd3 b3 {0-1, Nimmy A G (IND) 2063 - Majdan Joanna (POL) 2219, Kochin (India) 2004.11.20}
) b6 15.a4 Rdg8 16.a5 g5 17.axb6 Nxb6 18.dxc5 Bxc5 19.Be3 Bb4
20.Bxb6 axb6 21.Ra4 Bxc3 22.Rc4 Qxc4 23.Bxc4 Bxe1 24.Qxe1 Ne4
25.Ne5 Rd8 26.Qa1 Rhf8 27.Qa8+ Kc7 28.Qc6+ Kb8 29.Qxb6+ Ka8 30.Qa6+
Kb8 31.Nc6+ Kc7 32.Qa7+ Kc8 33.Ne7# 1-0

[Event "Washington Open Championship"]
[Site "Seattle, WA"]
[Date "2013.05.25"]
[Round "2"]
[White "Collyer Curt  (WA)"]
[Black "Herrera Robert (OR)"]
[Result "1-0"]
[WhiteElo "2289"]
[BlackElo "2068"]
[Annotator ""]
[Source ""]
[Remark "Open"]

1.d4 e6 2.c4 Nf6 3.Nc3 Bb4 4.f3 Nc6 5.e3 e5 6.a3 Bxc3+ 7.bxc3
d6 8.Bd3 O-O 9.Ne2 b6 10.O-O Ba6 11.Ng3 Na5 12.e4 Qe8 13.f4 Nd7
14.fxe5 dxe5 15.Qg4 Kh8 16.Nf5 Rg8 17.Rf3 Bc8 18.Rg3 Nf6 19.Qh4
Bxf5 20.exf5 Nd7 21.Qxh7+ Kxh7 22.Rh3# 1-0

[Event "Washington Open Championship"]
[Site "Seattle, WA"]
[Date "2013.05.26"]
[Round "3"]
[White "Elmer Kyler  (WA)"]
[Black "Bazar Bernard  (WA)"]
[Result "1-0"]
[WhiteElo "1333"]
[BlackElo "899"]
[Annotator ""]
[Source ""]
[Remark "Booster"]

1.e4 e6 2.d4 d5 3.e5 c5 4.c3 f6 5.Nf3 Nc6 6.Bb5 Bd7 7.Bxc6 Bxc6
8.O-O c4 9.Re1 Qd7 10.Qe2 fxe5 11.Nxe5 Qc7 12.Qh5+ g6 13.Nxg6
O-O-O 14.Nxh8 Nf6 15.Qe5 Bd6 16.Qxe6+ Kb8 17.Qxf6 Bxh2+ 18.Kh1
Rd7 19.g3 Bxg3 20.fxg3 Qxg3 21.Bf4+ 1-0

[Event "Washington Open Championship"]
[Site "Seattle, WA"]
[Date "2013.05.25"]
[Round "1"]
[White "Elmer Kyler  (WA)"]
[Black "Michailov George  (WA)"]
[Result "1-0"]
[WhiteElo "1333"]
[BlackElo "989"]
[Annotator ""]
[Source ""]
[Remark "Booster"]

1.e4 c5 2.Nf3 Nc6 3.d4 cxd4 4.Nxd4 e5 5.Nxc6 bxc6 6.Be3 Nf6 7.f3
Be7 8.Nc3 Qc7 9.Bc4 Bb7 10.Qd2 h6 11.O-O-O O-O-O 12.Bxa7 d5 13.exd5
cxd5 14.Nb5 Qxc4 15.Qa5 Qc6 16.Bb6 Kd7 17.Bxd8 Rxd8 18.Nc3 Qc5
19.Qb5+ Qxb5 20.Nxb5 Kc6 21.a4 Ra8 22.b3 Ba6 23.Rhe1 Bd6 24.Nxd6
Kxd6 25.Kb2 Ke6 26.Re3 d4 27.Rxd4 Kf5 28.g4+ Ke6 29.Re1 g6 30.h3
g5 31.f4 gxf4 32.Rxf4 Nd5 33.Rfe4 f6 34.c4 Nb4 35.Rd1 Bb7 36.Re3
Bg2 37.Rd2 Bc6 38.Kc3 Na6 39.Red3 Nb8 40.Rd6+ Ke7 41.Rd8 Bd7
42.R2xd7+ Nxd7 43.Rxa8 Nb6 44.Ra7+ Kf8 45.c5 Nd5+ 46.Kd2 Ke8
47.c6 Kd8 48.Rd7+ 1-0

[Event "Washington Open Championship"]
[Site "Seattle, WA"]
[Date "2013.05.25"]
[Round "1"]
[White "Truong Kenneth  (WA)"]
[Black "Chan James  (CAN)"]
[Result "1-0"]
[WhiteElo "1815"]
[BlackElo "2027"]
[Annotator ""]
[Source ""]
[Remark "Open"]

1.e4 c5 2.Nc3 d6 3.f4 Nc6 4.Bc4 g6 5.Nf3 Bg7 6.d3 e6 7.O-O Nge7
8.Qe1 a6 9.f5 b5 10.Bb3 gxf5 11.exf5 Nxf5 12.Ng5 Ne5 13.Rxf5
exf5 14.Nxf7 Qe7 15.Bg5 Qxf7 16.Bxf7+ Kxf7 17.Qg3 Be6 18.Rf1
Rhg8 19.Ne4 Bf8 20.Qh3 Rg7 21.Bh6 Rg6 22.Ng5+ Kg8 23.Nxe6 Bxh6
24.Qxf5 Re8 25.Nf4 Rf8 26.Nxg6 Rxf5 27.Ne7+ Kh8 28.Nxf5 Bf8 29.d4
cxd4 30.Nxd4 Bh6 31.Ne6 Kg8 32.Rd1 Be3+ 33.Kf1 Nc4 34.Ke2 Nxb2
35.Rf1 Bh6 36.Rf6 Bg7 37.Nxg7 Kxg7 38.Rxd6 1-0

[Event "Washington Open Championship"]
[Site "Seattle, WA"]
[Date "2013.05.25"]
[Round "1"]
[White "Allen Robert  (WA)"]
[Black "Cigan Jason  (OR)"]
[Result "0-1"]
[WhiteElo "1714"]
[BlackElo "2060"]
[Annotator ""]
[Source ""]
[Remark "Open"]

1.d4 Nf6 2.c4 g6 3.Nc3 d5 4.cxd5 Nxd5 5.e4 Nxc3 6.bxc3 Bg7 7.Bc4
c5 8.Be3 Nc6 9.Ne2 O-O 10.O-O Bg4 11.f3 Bd7 12.Rb1 Qc7 13.Qd2
Rad8 14.Rfd1 ( 14.Rfc1 Bc8 15.Qb2 Na5 16.Bd3 b6 17.Rd1 Be6 18.dxc5
bxc5 19.Qa3 Be5 20.f4 c4 21.Bc2 Bd6 22.Qc1 Bg4 23.Re1 e5 24.f5
Bxe2 25.Rxe2 Bc5 26.f6 Rd6 27.Rf2 Bxe3 28.Qxe3 Rb8 29.Rbf1 Qb6
30.Qg5 Qc5 31.h3 Rbd8 32.Kh2 Re6 33.Rd2 Rxd2 34.Qxd2 Qd6 35.Qg5
h6 36.Qh4 Kh7 37.Rd1 Qc6 38.Rd5 Nb7 39.Qf2 a6 40.Qa7 Rxf6 41.Qb8
Rd6 42.Ba4 Qxa4 43.Qxb7 Rf6 44.Qe7 Rf2 45.Rd8 g5 46.Qf8 Kg6 47.Rd6+
f6 48.Qg8+ Kh5 49.Qf7+ Kh4 50.Rxf6 {1-0, Timoscenko Gennadij (SVK) 2500 - Zysk Robert (GER) 2458, Budapest (Hungary) 1989}
) Na5 15.Bb3 Rfe8 16.Qe1 c4 17.Bc2 e6 18.Qh4 b5 19.Bg5 Rc8 20.d5
exd5 21.Rxd5 Bc6 22.Bf4 Qb6+ 23.Rd4 Ba8 24.Kh1 Bxd4 25.cxd4 Nc6
26.d5 Ne5 27.Bh6 Nd3 28.h3 a6 29.Nf4 Qd4 30.Ne2 Qe5 31.Be3 Bxd5
32.Bd4 Qe7 33.Bf6 Qf8 34.exd5 Rxe2 35.Bxd3 cxd3 36.Rd1 d2 37.d6
Rc1 38.d7 Rxd1+ 39.Kh2 Qd6+ 0-1

[Event "Washington Open Championship"]
[Site "Seattle, WA"]
[Date "2013.05.26"]
[Round "1"]
[White "Bashkansky Ethan  (WA)"]
[Black "Mikhailuk Slava  (WA)"]
[Result "1-0"]
[WhiteElo "1986"]
[BlackElo "2415"]
[Annotator ""]
[Source ""]
[Remark "Open"]

1.d4 Nf6 2.c4 g6 3.Nc3 d5 4.cxd5 Nxd5 5.e4 Nxc3 6.bxc3 Bg7 7.Be3
O-O 8.Qd2 e5 9.Rb1 exd4 10.cxd4 Qe7 11.f3 Nc6 12.Bb5 f5 13.e5
Be6 14.Ne2 Qf7 15.Nf4 Bxa2 16.e6 Bxe6 17.d5 Bxd5 18.Qxd5 Qxd5
19.Nxd5 Nd4 20.Bxd4 Bxd4 21.Nxc7 Rac8 22.Ne6 Rfe8 23.Bxe8 Rxe8
24.Rxb7 Rxe6+ 25.Kd2 Bb6 26.Rd1 Re8 27.Kd3 Rf8 28.Kc4 Rc8+ 29.Kb5
Rc5+ 30.Kb4 a5+ 31.Ka4 Rc4+ 32.Kb5 Rb4+ 33.Ka6 Bc5 34.Rc7 Bf8
35.Rd8 1-0

[Event "Washington Open Championship"]
[Site "Seattle, WA"]
[Date "2013.05.25"]
[Round "1"]
[White "Campbell Marty  (WA)"]
[Black "Verdiyan Artem  (WA)"]
[Result "0-1"]
[WhiteElo "1385"]
[BlackElo "1107"]
[Annotator ""]
[Source ""]
[Remark "Booster"]

1.e4 c6 2.d4 d5 3.e5 Bf5 4.Nc3 Nd7 5.Nf3 h6 6.Bd3 Bxd3 7.Qxd3
e6 8.Be3 Rb8 9.Ne2 c5 10.dxc5 Bxc5 11.Bxc5 Nxc5 12.Qb5+ Nd7 13.Ned4
Ne7 14.Qa4 a6 15.b4 O-O 16.a3 Ng6 17.O-O Ndxe5 18.Nxe5 Nxe5 19.Qb3
Rc8 20.Qg3 Qf6 21.Rac1 Nc4 22.Nf3 Nxa3 23.Ne1 Rc3 24.f3 Qd4+
25.Rf2 Qxb4 26.Nd3 Qd4 27.h3 Rxc2 28.Rcxc2 Nxc2 29.Nf4 Ne1 30.Nh5
Nd3 31.Kh2 Nxf2 32.h4 Nd3 33.f4 Kh7 34.f5 exf5 35.Kh3 Nf2+ 36.Kh2
Ng4+ 37.Kh3 Qg1 38.Qd6 Qe3+ 39.g3 Qf2 40.Qg6+ fxg6 41.Nf6+ Kh8
42.Nxg4 fxg4+ 43.Kxg4 Qf5# 0-1

[Event "Washington Open Championship"]
[Site "Seattle, WA"]
[Date "2013.05.26"]
[Round "1"]
[White "Feng Roland  (WA)"]
[Black "Gottumukkala Ananth  (WA)"]
[Result "1-0"]
[WhiteElo "2209"]
[BlackElo "414"]
[Annotator ""]
[Source ""]
[Remark "Open"]

1.d4 Nf6 2.c4 g6 3.Nc3 Bg7 4.Nf3 d6 5.Bg5 c6 6.e3 Qa5 7.Bd3 Bg4
8.Bh4 Qh5 9.Bg3 Bxf3 10.gxf3 Qa5 11.a3 c5 12.dxc5 Qxc5 13.b4
Qc8 14.Rc1 O-O 15.O-O Nc6 16.Ne4 Nxe4 17.Bxe4 Bb2 18.Rb1 Bg7
19.Qd2 Ne5 20.Bxe5 Bxe5 21.Rbc1 f5 22.Bd5+ e6 23.f4 Bf6 24.Bg2
Qc7 25.Rfd1 Rad8 26.Qe2 e5 27.c5 dxc5 28.Rxc5 Qe7 29.fxe5 Bxe5
30.Qc4+ Kh8 31.Rcd5 Rxd5 32.Qxd5 f4 33.Qxb7 Qxb7 34.Bxb7 fxe3
35.fxe3 Rf7 36.Bc6 Re7 37.e4 Kg7 38.b5 Kf6 39.Kg2 Kg5 40.Rd3
Rf7 41.a4 Bc7 42.Ra3 Ba5 43.Rg3+ Kf6 44.Rf3+ Ke7 45.Rg3 {%02
 (This move is missing from the score sheet.  The move I've inserted seems like
one plausable possibility, and whatever move was made here had little effect on the outcome.)}
Rf6 46.e5 Rf4 47.Rd3 Rxa4 48.Rd7+ Ke6 49.Rxa7 Ra2+ 50.Kf3 Ra3+
51.Ke4 Re3+ 52.Kf4 Ra3 53.Rxh7 Bd2+ 54.Ke4 Bc3 55.Bd5# 1-0

[Event "Washington Open Championship"]
[Site "Seattle, WA"]
[Date "2013.05.25"]
[Round "1"]
[White "Golub David  (WA)"]
[Black "Egbert Michael  (WA)"]
[Result "1-0"]
[WhiteElo "2235"]
[BlackElo "1883"]
[Annotator ""]
[Source ""]
[Remark "Open"]

1.e4 e6 2.d4 d5 3.Nc3 Nf6 4.e5 Nfd7 5.Nce2 c5 6.c3 b6 7.Nf4 Ba6
8.Bxa6 Nxa6 9.Nf3 Nc7 ( 9...Rc8 10.O-O cxd4 11.Nxd4 Nc7 12.Nc6
{1-0, Sancho Cortes Miguel Angel (ESP) 2115 - Jario R J, Zaragoza (Spain) 1992}
) 10.O-O Be7 11.c4 g5 12.cxd5 gxf4 13.d6 Nd5 14.dxe7 Qxe7 15.Qd3
cxd4 16.Qxd4 Qb4 17.Qxb4 Nxb4 18.Rd1 Nd5 19.Rd4 Rc8 20.Bxf4 Nxf4
21.Rxf4 Rc2 22.Rd4 Rxb2 23.Rad1 Nf8 24.Ng5 Rb5 25.f4 Rd5 26.Rxd5
exd5 27.Rxd5 Ne6 28.Nxe6 fxe6 29.Rd3 Rf8 30.g3 Rf7 31.Rd6 Ke7
32.Kf2 Rf8 33.Rc6 Kd7 34.Rc3 Rb8 35.Ke3 b5 36.Ra3 Rb7 37.Ra6
Rc7 38.Kd3 Ke7 39.Ra5 b4 40.Ra4 Kf7 41.Rxb4 Kg6 42.Rc4 Rb7 43.g4
Rb2 44.Rc2 Rb7 45.Rf2 Rb4 46.f5+ exf5 47.gxf5+ Kf7 48.Rc2 1-0

[Event "Washington Open Championship"]
[Site "Seattle, WA"]
[Date "2013.05.25"]
[Round "1"]
[White "He Daniel  (WA)"]
[Black "Campbell Tim  (WA)"]
[Result "1-0"]
[WhiteElo "2131"]
[BlackElo "1745"]
[Annotator ""]
[Source ""]
[Remark "Open"]

1.Nf3 Nf6 2.g3 d5 3.Bg2 c5 4.O-O Nc6 5.d3 Bg4 6.h3 Bxf3 7.Bxf3
e5 8.Nc3 ( 8.Bg5 Qd7 9.Kh2 d4 10.c3 Be7 11.Na3 O-O 12.Qb3 e4
13.dxe4 Nxe4 14.Bf4 Ng5 15.Bg4 Ne6 16.Nc4 Kh8 17.Ne5 Nxe5 18.Bxe5
Bd6 19.cxd4 cxd4 20.Bxd6 Qxd6 21.Rac1 b6 22.Bf3 Rac8 23.Qd5 Qxd5
24.Bxd5 Rfd8 25.Bf3 g6 26.h4 Kg7 27.Rfd1 Rxc1 28.Rxc1 d3 29.exd3
Rxd3 30.Kg2 Rd2 31.Rd1 Rxb2 32.Rd7 a5 33.Bd5 Kf6 34.Rb7 Rb5 35.Bb3
Rb4 36.Bd5 h5 37.a3 Rb2 38.a4 Rb4 39.Kf1 Ke5 40.Bf3 Nd4 41.Bd1
Rb1 42.Ke1 f5 43.Kd2 Nb3+ 44.Kc2 Rc1+ 45.Kxb3 Rxd1 46.Rg7 Kf6
47.Rb7 Rb1+ 48.Kc4 Rb4+ 49.Kd5 f4 50.gxf4 Rxa4 51.Rxb6+ Kf5 52.Ra6
Rxf4 53.Rxa5 Rxh4 54.Kd6+ Kf6 55.Ra8 Rf4 56.Kd5 h4 {0-1, Lauri J - Iglesias Dougherty Ethan (ESP), Lucerne (Switzerland) 1982}
) d4 9.Ne4 Nxe4 10.Bxe4 Qd7 11.Bg2 b5 12.e3 Rd8 13.exd4 Nxd4
14.Re1 f6 15.f4 Bd6 16.fxe5 Bxe5 17.Bf4 O-O 18.Bxe5 fxe5 19.c3
Nc6 ( 19...Nf5 ) 20.Qb3+ c4 21.Qxb5 cxd3 22.Qxc6 d2 23.Qc4+ Kh8
24.Red1 Qf5 25.Qe2 Qc2 26.Rab1 Rfe8 27.Be4 Qa4 28.a3 Re6 29.c4
Red6 30.Bd5 Rxd5 31.cxd5 Qd4+ 32.Qf2 Qxd5 33.b4 Qa2 34.Qe3 Qc2
35.Qxa7 Rc8 36.Qf2 Rd8 37.b5 1-0

[Event "Washington Open Championship"]
[Site "Seattle, WA"]
[Date "2013.05.25"]
[Round "1"]
[White "Huston Aaron  (WA)"]
[Black "Bashkansky Naomi (WA)"]
[Result "0-1"]
[WhiteElo "900"]
[BlackElo "1580"]
[Annotator ""]
[Source ""]
[Remark "Premier"]

1.d4 d5 2.Nf3 Nf6 3.e3 Bf5 4.Bd3 Bg6 5.Nbd2 e6 6.O-O c5 7.Re1
Ne4 8.Ne5 Nf6 9.Bxg6 hxg6 10.c3 Bd6 11.f4 Nfd7 12.Ndf3 Nxe5 13.fxe5
Be7 14.Rf1 Nd7 15.Qe1 f6 16.Qg3 g5 17.h4 {%02
 (At this point notation stops as it appears Black was in time trouble.
However, the scoresheet does show that Black managed to survive that time trouble and win the game.)}
 0-1

[Event "Washington Open Championship"]
[Site "Seattle, WA"]
[Date "2013.05.26"]
[Round "1"]
[White "Hendricks David  (WA)"]
[Black "Thomas Arjun  (WA)"]
[Result "1-0"]
[WhiteElo "1720"]
[BlackElo "1621"]
[Annotator ""]
[Source ""]
[Remark "Premier"]

1.d4 Nf6 2.Bf4 g6 3.e3 Bg7 4.Nf3 O-O 5.c4 c5 6.Nc3 d5 7.Rc1 cxd4
8.exd4 Nc6 9.Nb5 Bg4 10.Be2 a6 11.Nc3 Qa5 12.O-O Rad8 13.Re1
Qb6 14.Na4 Qa7 15.Bc7 Rc8 16.Bb6 Qb8 17.Nc5 Qf4 18.Nd3 Qd6 19.c5
Qb8 20.Nde5 Bh6 21.Nxg4 Nxg4 22.Rc3 Bg7 23.g3 Nf6 24.Bf1 e6 25.Ne5
Nxe5 26.dxe5 Nd7 27.f4 Nxb6 28.cxb6 Rxc3 29.bxc3 Qc8 30.Qd4 Qc6
31.c4 Rd8 32.Bg2 Bf8 33.Kh1 Bc5 34.Qd3 Bxb6 35.cxd5 exd5 36.Rd1
Qc4 37.Bxd5 Qxd3 38.Rxd3 Kf8 39.Kg2 Ke7 40.Kf3 Bc5 41.Ke4 b6
42.g4 a5 43.f5 Bg1 44.f6+ Kf8 45.h3 Bc5 46.a4 g5 47.Rd1 Rc8 48.Bb7
Re8 49.Kf5 h6 50.Rd7 Kg8 51.Bd5 Rf8 52.e6 fxe6+ 53.Bxe6+ Kh8
54.Kg6 Bb4 55.Rh7# 1-0

[Event "Washington Open Championship"]
[Site "Seattle, WA"]
[Date "2013.05.25"]
[Round "1"]
[White "Jung Hubert  (WA)"]
[Black "Buck Stephen  (WA)"]
[Result "1-0"]
[WhiteElo "1951"]
[BlackElo "1700"]
[Annotator ""]
[Source ""]
[Remark "Premier"]

1.e4 c5 2.Nf3 d6 3.Bb5+ Bd7 4.Bxd7+ Qxd7 5.O-O Nc6 6.c3 Nf6 7.Re1
e6 8.d4 cxd4 9.cxd4 d5 10.e5 Ne4 11.Nbd2 Nxd2 12.Bxd2 Bb4 13.Rc1
O-O 14.Rxc6 Qxc6 15.Bxb4 Rfc8 16.Bc3 a5 17.Qd2 b5 18.Bxa5 Qc2
19.a3 Rxa5 20.Qxa5 Qxb2 21.Qb4 1-0

[Event "Washington Open Championship"]
[Site "Seattle, WA"]
[Date "2013.05.26"]
[Round "1"]
[White "Quan Michael  (WA)"]
[Black "Perez Ignacio  (WA)"]
[Result "0-1"]
[WhiteElo "1693"]
[BlackElo "2254"]
[Annotator ""]
[Source ""]
[Remark "Open"]

1.e4 d6 2.d4 g6 3.Nf3 Bg7 4.Nc3 Nf6 5.Bc4 O-O 6.O-O Nxe4 7.Nxe4
d5 8.Qe2 dxc4 9.Qxc4 Nc6 10.c3 Bg4 11.Nc5 Bxf3 12.gxf3 Qc8 13.Re1
e5 14.d5 Ne7 15.Bg5 Nf5 16.Qb5 h6 17.Bd2 Nh4 18.Kh1 Qh3 0-1

[Event "Washington Open Championship"]
[Site "Seattle, WA"]
[Date "2013.05.25"]
[Round "1"]
[White "May Sarah  (WA)"]
[Black "Collyer Curt  (WA)"]
[Result "0-1"]
[WhiteElo "1908"]
[BlackElo "2289"]
[Annotator ""]
[Source ""]
[Remark "Open"]

1.e4 b6 2.d4 Bb7 3.Nc3 e6 4.g3 Bb4 5.Bg2 f5 6.f3 fxe4 7.fxe4
Nf6 8.Qe2 Nc6 9.Nf3 Ne7 10.Ne5 O-O 11.O-O c5 12.dxc5 Bxc5+ 13.Be3
Qc7 14.Nd3 Bxe3+ 15.Qxe3 e5 16.Rad1 Rad8 17.Rd2 h6 18.h3 d6 19.Nb4
Qc5 20.Qxc5 bxc5 21.Nbd5 Bxd5 22.exd5 Rb8 23.b3 Rb4 24.a3 Rb6
25.Kh2 Rc8 26.Be4 c4 27.b4 Rcb8 28.Bg2 Ra6 29.Ra1 Rxb4 30.axb4
Rxa1 31.Nb5 Nc8 32.g4 Kf7 33.Kg3 Ke7 34.Kf2 Rb1 35.c3 Ra1 36.Nc7
Nb6 37.Rc2 g6 38.Ke2 g5 39.Kf2 Kd7 40.Ne6 Nbxd5 41.Ng7 Ra3 42.Nf5
Nxc3 43.Nxh6 Nd1+ 44.Ke2 Ne3 0-1

[Event "Washington Open Championship"]
[Site "Seattle, WA"]
[Date "2013.05.25"]
[Round "1"]
[White "McCorkle Wade  (WA)"]
[Black "Soetedjo Christopher  (WA)"]
[Result "1-0"]
[WhiteElo "1288"]
[BlackElo "603"]
[Annotator ""]
[Source ""]
[Remark "Booster"]

1.c4 e5 2.g3 Nf6 3.Bg2 Nc6 4.Nc3 Bb4 5.Nd5 Nxd5 6.cxd5 Nd4 7.e3
Nf5 8.Ne2 O-O 9.O-O d6 10.a3 Ba5 11.b4 Bb6 12.Bb2 Bd7 13.Qc2
Bb5 ( 13...Rc8 14.Rfd1 Qg5 15.d4 Qh5 16.dxe5 dxe5 17.Nc3 Nd6
18.Na4 Bf5 19.Qc3 Rfe8 20.Nc5 Bg4 21.Re1 Bf3 22.Rac1 Bxg2 23.Kxg2
Qg6 24.e4 Bxc5 25.Qxc5 Nxe4 26.Qxa7 Qf5 27.Qe3 Nf6 28.Red1 Rcd8
29.Rc5 b6 30.Rcc1 Nxd5 31.Qf3 Qe6 32.Qe4 f5 33.Qe2 e4 34.Qh5
e3 35.Re1 Qd7 36.Qf3 exf2 37.Qxf2 Re4 38.Kg1 Qe7 39.Ba1 Re8 40.Rxe4
fxe4 41.Qd4 Qf7 42.Rf1 Nf6 43.Qe3 Qg6 44.Bxf6 gxf6 45.a4 Re5
46.Rc1 Qe8 {1/2-1/2, Markowski Tomasz (POL) 2475 - Wang Zili (CHN) 2505, Moscow (Russia) 1994}
) 14.Rfe1 Ba4 15.Qxa4 a5 16.Qc2 axb4 17.axb4 Rxa1 18.Rxa1 Qd7
19.d4 exd4 20.Nxd4 Bxd4 21.Bxd4 Qb5 22.Qxf5 h6 23.Be4 g6 24.Qf6
Kh7 25.Qg7# 1-0

[Event "Washington Open Championship"]
[Site "Seattle, WA"]
[Date "2013.05.25"]
[Round "1"]
[White "Michaels Trey  (WA)"]
[Black "Rupel David  (WA)"]
[Result "0-1"]
[WhiteElo "1811"]
[BlackElo "2091"]
[Annotator ""]
[Source ""]
[Remark "Open"]

1.Nf3 c5 2.g3 g6 3.Bg2 Bg7 4.O-O Nc6 5.d3 d6 6.Nbd2 e5 7.e4 Nge7
8.a4 O-O 9.Nc4 h6 10.c3 Be6 11.Nfd2 d5 12.exd5 Bxd5 13.Ne4 f5
14.Ned6 Bxg2 15.Kxg2 Rb8 16.h4 Rf6 17.Nb5 Qd5+ 18.Kh2 f4 19.g4
Rd8 20.Qb3 Kh7 21.g5 Rf5 22.gxh6 Rh5 23.f3 Rxh4+ 24.Kg2 Rxh6
25.Nc7 Qxd3 26.Ne6 Qe2+ 27.Kg1 Qh2# 0-1

[Event "Washington Open Championship"]
[Site "Seattle, WA"]
[Date "2013.05.25"]
[Round "1"]
[White "Nino Edwin  (WA)"]
[Black "Haining Breck  (WA)"]
[Result "0-1"]
[WhiteElo "937"]
[BlackElo "1278"]
[Annotator ""]
[Source ""]
[Remark "Booster"]

1.e4 g6 2.Nc3 Bg7 3.Nf3 d6 4.d4 Nf6 5.Bd3 O-O 6.O-O Nbd7 7.Bg5
h6 8.Bxf6 ( 8.Bxf6 Nxf6 9.e5 dxe5 10.dxe5 Nd5 11.Qd2 c6 12.Rfd1
Bg4 13.Be4 e6 14.Qd4 Qc7 15.Bxd5 Bxf3 16.Bxf3 Bxe5 17.Qh4 Kg7
18.Rd3 f5 19.Rad1 Rf7 20.h3 b6 21.Qc4 Bh2+ 22.Kf1 e5 23.Nb5 cxb5
24.Qxc7 Rxc7 25.Rd7+ {1-0, Computer "Turbostar" - Fiori Bruno (ITA) 2218, Dortmund (Germany) 1986}
) Nxf6 9.e5 dxe5 10.dxe5 Nd5 11.Nxd5 Qxd5 12.Qe2 Bg4 13.Rfe1
Bxf3 14.gxf3 c6 15.b3 Rad8 16.Rad1 Qc5 17.f4 Rd4 18.Qe3 Qb4 19.c4
Qc3 20.Rc1 Qxd3 21.Qxd3 Rxd3 22.Rcd1 Rfd8 23.Rxd3 Rxd3 24.Re3
Rd2 25.a3 e6 26.Kf1 Bf8 27.b4 b6 28.Re4 Be7 29.Ke1 Rd7
( 29...Rd3 ) 30.f3 Kg7 31.Kf2 f6 32.exf6+ Kxf6 33.Re5 a6 34.c5
bxc5 35.bxc5 Rd5 36.Rxd5 exd5 37.a4 Bxc5+ 38.Ke2 Kf5 39.h4 Kxf4
40.h5 gxh5 41.a5 h4 42.Kf1 Kxf3 43.Ke1 h3 44.Kd2 h2 45.Kc3 h1Q
46.Kb3 Qd1+ 47.Kc3 Qd4+ 48.Kb3 Qc4+ 49.Kb2 d4 50.Kb1 d3 51.Kb2
Qc2+ 52.Ka1 Bd4# 0-1

[Event "Washington Open Championship"]
[Site "Seattle, WA"]
[Date "2013.05.25"]
[Round "1"]
[White "Pechisker Alfred  (CAN)"]
[Black "Haining Kyle  (WA)"]
[Result "1-0"]
[WhiteElo "2175"]
[BlackElo "1904"]
[Annotator ""]
[Source ""]
[Remark "Open"]

1.d4 g6 2.c4 Bg7 3.e4 d6 4.Nc3 Nf6 5.f3 O-O 6.Bg5 Nbd7 7.Nh3
c5 8.d5 Qa5 9.Nf2 a6 10.Bd2 e6 11.a4 exd5 12.cxd5 Qc7 13.Be2
Rb8 14.g4 c4 15.b4 Ne5 16.Ra3 Qb6 17.Qb1 Qc7 18.g5 Ne8 19.f4
Nd7 20.h4 b6 21.h5 Bb7 22.Bf3 a5 23.Nb5 Qd8 24.hxg6 fxg6 25.Bg4
axb4 26.Be6+ Rf7 27.Qxb4 Nf8 28.Bxf7+ Kxf7 29.Qxc4 Qe7 30.O-O
Rc8 31.Qd3 Nd7 32.Qh3 Kg8 33.Bb4 Rc4 34.Rb1 Nc5 35.Bxc5 Rxc5
36.Qh4 Bc8 37.Qg3 Nc7 38.Nc3 Bd4 39.Rb4 Bxc3 40.Rxc3 Nxd5 41.Rxc5
dxc5 42.Rb5 Nc7 43.Rxb6 Ne6 44.Qb3 Kg7 45.Qc3+ Nd4 46.Qb2 Qc7
47.Nd3 Qd7 48.f5 gxf5 49.Nxc5 Qd8 50.Kf2 Kg8 51.Rf6 fxe4 52.Qa2+
Kh8 53.Qf7 Ne6 54.Nxe6 Qd2+ 55.Kg3 Qe3+ 56.Kh2 Qd2+ 57.Rf2 Qd6+
58.Nf4 Bd7 59.a5 Bb5 60.Qf6+ Qxf6 61.gxf6 e3 62.Rb2 e2 63.Nxe2
Be8 64.Rb8 Kg8 65.Rxe8+ 1-0